00575cam a22002171 4500001001300000003000400013005001700017008004100034010001700075035002000092040001700112042001200129050002300141100003600164245002600200260004500226300002000271650001400291752003500305999001700340he 67001166 DLC20260227111447.0830512s1904 pl 000 0 heb  ahe 67001166  a(OCoLC)19159835 aDLCcMHdDLC apremarc00aBM522.21b.R9 19040 aAryeh Jacob,cof Smela,d-1827.10aSheʼelot u-teshuvot. aPiotrków :bN. N. Ḳronenberg,c1904. a46 p. ;c24 cm. 0aResponsa. aPolanddPiotrków Trybunalski c32435d32435